Ethics in the Real World : 90 Essay on Things that Matter (Record no. 43565)

MARC details
000 -LEADER
fixed length control field 00964cam a22003255i 4500
001 - CONTROL NUMBER
control field 22839185
005 - DATE AND TIME OF LATEST TRANSACTION
control field 20250404153711.0
008 - FIXED-LENGTH DATA ELEMENTS--GENERAL INFORMATION
fixed length control field 221024s2023 nju 000 0 eng
010 ## - LIBRARY OF CONGRESS CONTROL NUMBER
LC control number 2022948600
020 ## - INTERNATIONAL STANDARD BOOK NUMBER
International Standard Book Number 9780691237862
020 ## - INTERNATIONAL STANDARD BOOK NUMBER
International Standard Book Number 9780691237879
020 ## - INTERNATIONAL STANDARD BOOK NUMBER
Canceled/invalid ISBN 9780691237886
041 ## - LANGUAGE CODE
Language code of text/sound track or separate title eng
042 ## - AUTHENTICATION CODE
Authentication code pcc
082 ## - DEWEY DECIMAL CLASSIFICATION NUMBER
Classification number 170 SIN
100 1# - MAIN ENTRY--PERSONAL NAME
Author Singer, Peter,
245 10 - TITLE STATEMENT
Title Ethics in the Real World : 90 Essay on Things that Matter
250 ## - EDITION STATEMENT
Edition statement A fully updated and expanded edition.
260 ## - PUBLICATION, DISTRIBUTION, ETC.
Place New Jersey
Publisher Princeton Univ Press
Publication Year 2023
300 ## - PHYSICAL DESCRIPTION
Extent 464;. pages 20 cm
650 ## - SUBJECT ADDED ENTRY--TOPICAL TERM
Subject Ethics
942 ## - ADDED ENTRY ELEMENTS (KOHA)
Koha item type Books
263 ## - PROJECTED PUBLICATION DATE
Projected publication date 1111
264 #1 - PRODUCTION, PUBLICATION, DISTRIBUTION, MANUFACTURE, AND COPYRIGHT NOTICE
Place of production, publication, distribution, manufacture Princeton :
Name of producer, publisher, distributor, manufacturer Princeton University Press,
Date of production, publication, distribution, manufacture, or copyright notice 2023.
336 ## - CONTENT TYPE
Content type term text
Content type code txt
Source rdacontent
337 ## - MEDIA TYPE
Media type term unmediated
Media type code n
Source rdamedia
338 ## - CARRIER TYPE
Carrier type term volume
Carrier type code nc
Source rdacarrier
906 ## - LOCAL DATA ELEMENT F, LDF (RLIN)
a 0
b ibc
c orignew
d 2
e epcn
f 20
g y-gencatlg
Holdings
Withdrawn status Lost status Source of classification or shelving scheme Damaged status Not for loan Home library Current library Shelving location Accession Date Vendor Price Bill number Total Checkouts Full call number Barcode No Date last seen Date last checked out Discount Bill Date Koha item type Suggested By
    Dewey Decimal Classification     IMTN IMTN Rack 1-B 03/28/2025 Raghav Books Private Limited 1669.82 2374 1 170 SIN 33894 07/12/2025 07/02/2025 33 02/14/2025 Books Aditi Mishra (2024505)
Designed & Maintained by: LRC IMT Nagpur Contact: lrc@imtnag.ac.in© 2024. All Rights Reserved.